000 00412nam a2200181Ia 4500
001 16180
005 20260306170250.0
008 260306t2004||||xx |||||||||||||| ||und||
041 _aESP
082 _a347.3
_bA156
100 _aAlpa, Guido
_eAUT
245 0 _aDerecho del consumidor
260 _c2004
300 _a478 páginas :
_c23 cm.
650 _aGEN
654 _aCDE
942 _cLIB
_dJUS
_fJUS
_2ddc
_n
999 _c16180
_d16180